Online
Catalog

Pequeño diccionario de palabras indo-antillanas / (Record no. 20829)

MARC details
000 -CABECERA
campo de control de longitud fija 01141nam a2200313 i 4500
001 - NÚMERO DE CONTROL
campo de control 000021329
003 - IDENTIFICADOR DEL NÚMERO DE CONTROL
campo de control DO-SdBNP
005 - FECHA Y HORA DE LA ÚLTIMA TRANSACCIÓN
campo de control 20250625134156.0
007 - CAMPO FIJO DE DESCRIPCIÓN FÍSICA--INFORMACIÓN GENERAL
campo de control de longitud fija ta
008 - DATOS DE LONGITUD FIJA--INFORMACIÓN GENERAL
campo de control de longitud fija 100906s1974 dr 001 0 spa d
040 ## - FUENTE DE LA CATALOGACIÓN
Centro catalogador/agencia de origen DO-SdBNP
Lengua de catalogación spa
Centro/agencia transcriptor BNPHU
Normas de descripción rda
082 #4 - NÚMERO DE LA CLASIFICACIÓN DECIMAL DEWEY
Número de clasificación R-PD 497.03
Número de documento/Ítem C175p 1974
Número de edición 22
100 1# - ENTRADA PRINCIPAL--NOMBRE DE PERSONA
Nombre de persona Cambiaso, Rodolfo Domingo,
Fechas asociadas al nombre 1852-1916
9 (RLIN) 19500
Término indicativo de función/relación autor
245 10 - MENCIÓN DE TÍTULO
Título Pequeño diccionario de palabras indo-antillanas /
Mención de responsabilidad, etc. Rodolfo Domingo Cambiaso.
250 ## - MENCIÓN DE EDICIÓN
Mención de edición 2a. edicion facsímil
264 #1 - PRODUCCIÓN, PUBLICACIÓN, DISTRIBUCIÓN, FABRICACIÓN Y COPYRIGHT
Producción, publicación, distribución, fabricación y copyright Santo Domingo :
Nombre del de productor, editor, distribuidor, fabricante Secretaría de Estado de Educación,
Fecha de producción, publicación, distribución, fabricación o copyright 1974.
300 ## - DESCRIPCIÓN FÍSICA
Extensión 74 páginas ;
Dimensiones 21 cm.
336 ## - TIPO DE CONTENIDO
Fuente rdacontent
Término de tipo de contenido texto
Código de tipo de contenido txt
337 ## - TIPO DE MEDIO
Fuente rdamedia
Nombre/término del tipo de medio sin mediación
Código del tipo de medio n
338 ## - TIPO DE SOPORTE
Fuente rdacarrier
Nombre/término del tipo de soporte volumen
Código del tipo de soporte nc
490 0# - MENCIÓN DE SERIE
Mención de serie Enriquillo
533 ## - NOTA DE REPRODUCCIÓN
Tipo de reproducción Facsímil de la edición:
Lugar de la reproducción Santo Domingo:
Institución responsable de la reproducción El Progreso-Emiliano Espinal,
Fecha de la reproducción 1916
590 ## - NOTA LOCAL (RLIN)
Nota local Inventariado, 2023/BT
650 #4 - PUNTO DE ACCESO ADICIONAL DE MATERIA--TÉRMINO DE MATERIA
Término de materia o nombre geográfico como elemento de entrada Lenguas indígenas
Subdivisión de forma Diccionarios
9 (RLIN) 19501
650 #4 - PUNTO DE ACCESO ADICIONAL DE MATERIA--TÉRMINO DE MATERIA
Término de materia o nombre geográfico como elemento de entrada Indígenas de las antillas
Subdivisión general Lenguas
Subdivisión de forma Diccionarios
9 (RLIN) 19502
650 #4 - PUNTO DE ACCESO ADICIONAL DE MATERIA--TÉRMINO DE MATERIA
Término de materia o nombre geográfico como elemento de entrada Taínos
Subdivisión general Lenguas
Subdivisión de forma Diccionarios
9 (RLIN) 19503
910 ## - DATOS DE OPCIÓN DEL USUARIO (OCLC)
Datos de opción del usuario Validado. Control de calidad MMOLINA
942 ## - ELEMENTOS DE PUNTO DE ACCESO ADICIONAL (KOHA)
Fuente del sistema de clasificación o colocación Dewey Decimal Classification
Tipo de ítem Koha Libro
Holdings
Estado de retiro Estado de pérdida Fuente del sistema de clasificación o colocación Restricciones de uso No para préstamo Código de colección Localización permanente Ubicación/localización actual Ubicación en estantería Fecha de adquisición Signatura topográfica completa Código de barras Fecha visto por última vez Número de copia Precio válido a partir de Tipo de ítem Koha Nota pública Fuente de adquisición
    Dewey Decimal Classification Préstamo en sala   Dominicana en Servicio Referencia Biblioteca Nacional Pedro Henríquez Ureña Biblioteca Nacional Pedro Henríquez Ureña Depósito 23.08.2011 BNPHU R-DS 497.03 C175p 1974 21329-50 25.06.2020 e.5 25.06.2020 Libro Perteneció a la biblioteca personal de Aída Cartagena Portalatín  
    Dewey Decimal Classification Préstamo en sala   Dominicana en Servicio Referencia Biblioteca Nacional Pedro Henríquez Ureña Biblioteca Nacional Pedro Henríquez Ureña Depósito 06.09.2010 BNPHU R-DS 497.03 C175p 1974 21329-30 25.06.2020 e.3 25.06.2020 Libro Perteneció a la biblioteca personal de la familia Reyes Duluc. Donación
    Dewey Decimal Classification Préstamo en sala   Dominicana en Servicio Referencia Biblioteca Nacional Pedro Henríquez Ureña Biblioteca Nacional Pedro Henríquez Ureña Depósito 23.08.2011 BNPHU R-DS 497.03 C175p 1974 21329-40 25.06.2020 e.4 25.06.2020 Libro   Donado por José Garrido Aybar
    Dewey Decimal Classification Préstamo en sala   Dominicana en Servicio Referencia Biblioteca Nacional Pedro Henríquez Ureña Biblioteca Nacional Pedro Henríquez Ureña Depósito 06.09.2010 BNPHU R-PD 497.03 C175p 1974 21329-10 25.06.2020   25.06.2020 Libro Perteneció a la biblioteca personal de Carlos Lerrazabal Blanco. Donación
    Dewey Decimal Classification Préstamo en sala   Dominicana en Servicio Referencia Biblioteca Nacional Pedro Henríquez Ureña Biblioteca Nacional Pedro Henríquez Ureña Depósito 06.09.2010 BNPHU R-PD 497.03 C175p 1974 21329-20 25.06.2020 e.2 25.06.2020 Libro Perteneció a la biblioteca personal de Carlos Larrazabal Blanco. Donación

Powered by Koha